Financing of Education in Pakistan / (Record no. 22687)
[ view plain ]
| 000 -LEADER | |
|---|---|
| fixed length control field | 00467nam a22001697a 4500 |
| 003 - CONTROL NUMBER IDENTIFIER | |
| control field | BDDh-ASL |
| 005 - DATE AND TIME OF LATEST TRANSACTION | |
| control field | 20231015030143.0 |
| 008 - FIXED-LENGTH DATA ELEMENTS--GENERAL INFORMATION | |
| fixed length control field | 210303n pk ||||| |||| 00| 0 eng d |
| 040 ## - CATALOGING SOURCE | |
| Transcribing agency | BDDh-ASL |
| 082 ## - DEWEY DECIMAL CLASSIFICATION NUMBER | |
| Classification number | 370 |
| Item number | HUF |
| 100 1# - MAIN ENTRY--PERSONAL NAME | |
| 9 (RLIN) | 3296 |
| Personal name | Hussain, A. F. A. |
| 245 10 - TITLE STATEMENT | |
| Title | Financing of Education in Pakistan / |
| 260 ## - PUBLICATION, DISTRIBUTION, ETC. | |
| Place of publication, distribution, etc. | Lahore: |
| Name of publisher, distributor, etc. | Pakistan Administrative Staff College Quarterly, |
| 300 ## - PHYSICAL DESCRIPTION | |
| Extent | 20 p.: |
| Dimensions | 25 cm. |
| 650 #0 - SUBJECT ADDED ENTRY--TOPICAL TERM | |
| 9 (RLIN) | 1210 |
| Topical term or geographic name entry element | Education |
| 942 ## - ADDED ENTRY ELEMENTS (KOHA) | |
| Source of classification or shelving scheme | Dewey Decimal Classification |
| Koha item type | Books |
| Withdrawn status | Lost status | Source of classification or shelving scheme | Damaged status | Not for loan | Collection code | Home library | Current library | Shelving location | Date acquired | Source of acquisition | Total Checkouts | Full call number | Barcode | Date last seen | Copy number | Price effective from | Koha item type |
|---|---|---|---|---|---|---|---|---|---|---|---|---|---|---|---|---|---|
| Dewey Decimal Classification | Non-fiction | Asiatic Society Library | Asiatic Society Library | General Stacks | 03/03/2021 | ASB Collection | 370 HUF | 106976 | 03/03/2021 | C-1 | 03/03/2021 | Books | |||||
| Dewey Decimal Classification | Non-fiction | Asiatic Society Library | Asiatic Society Library | General Stacks | 03/03/2021 | ASB Collection | 370 HUF | 106984 | 03/03/2021 | C-2 | 03/03/2021 | Books | |||||
| Dewey Decimal Classification | Non-fiction | Asiatic Society Library | Asiatic Society Library | General Stacks | 03/03/2021 | ASB Collection | 370 HUF | 106985 | 03/03/2021 | C-3 | 03/03/2021 | Books |